02757nam a2200373 i 4500001001000000003000900010005001700019007000300036008004100039040003000080082001400110100003700124245007300161264008100234300004700315336002700362337003300389338002800422490001800450500006100468500007400529504003000603505106100633590002801694650005501722710008601777910000701863942001401870952011301884952011901997952011902116952013102235999001702366000045191DO-SdBNP20231213072843.0ta150209s1986 dr a 000 0 spa d aDO-SdBNPbspacBNPHUerda bM841s2221 aMorell, Merilio G.eautor92177310aSituación forestal en República Dominicana /cMerilio G. Morell. aSanto Domingo :bProgressio, Fundación para el Mejoramiento Humano,c1986. aix, 77 paginas :bilustraciones. ;c22 cm. 2rdacontentatextobtxt 2rdamediaasin mediaciónbn 2rdacarrieravolumenbnc1 aPROGRESSIOv1 aDocumento base de discusión para la toma de decisiones aIncluye referencias bibliográficas y notas al pie de las páginas. aBibliografía : p. 75-770 aTABLA DE CUADROS --tTABLA DE GRÁFICOS --tSIGLAS UTILIZADAS --tINTRODUCCIÓN --tPARTICIPACIÓN ECONÓMICA DEL SECTOR FORESTAL --tTierras forestales --tEnergía --tProducción de alimentos --tMercado de madera --tCuencas hidrográficas y producción de agua --tAgua para consumo humano e industrialtMateriales de construcción --tControl de erosión --tConclusión --tANÁLISIS DE LA POLÍTICA FORESTAL --tPercepción actual del problema forestal --tMetas alcanzadas --tSituación administrativa --tObjetivos generales del sector forestal --tMecanismos de implementación --tProgramas existentes --tTópicos más relevantes relacionados con el recurso bosque --tPolítica forestal actual --tLINEAMIENTOS PARA UNA POLÍTICA FORESTAL --tElementos esenciales de una Política forestal --tPlan de acción --tRESUMEN --tParticipación económica del sector forestal --tAnálisis de la política forestal --tLineamientos de política forestal --tBIBLIOGRAFÍA --tTABLA DE CUADROS --tTABLA DE GRÁFICOS. aInventariado, 2023 / DG 4aPolítica forestalzRepública Dominicana92177522aFundación para el Mejoramiento Humano (PROGRESSIO), Republica-Dominicana973208 aDG 2ddccLBS1 0010718PDaPDbPDcCTd2015-02-09iLF1l0oxxxx xxxxp45191-10r2020-06-25w2020-06-25yLFPDZNo se presta 0010718PDaPDbPDcCTd2015-02-10iLF1l0oxxxx xxxxp45191-20r2020-06-25te. 2w2020-06-25yLFPDZNo se presta 00102ddc56708DSaBNPHUbBNPHUcCTd2023-02-02l0oBNPHU DS M841sp2023-0569r2023-02-02te.3w2023-02-02yLBS1 00102ddc56708DSaBNPHUbBNPHUcCTd2023-12-13edonaciónl0oBNPHU DS M841sp2023-8354r2023-12-13te.4w2023-12-13yLBS1 c44680d44680